Language Quiz

Random Language or Numbers Quiz

Spanish: Numbers Quiz Stats

 Plays Quiz Updated Mar 19, 2020

     
Support Sporcle.
Go Orange.
Score 0/28 Timer 05:00
6 Plays Today
English Spanish % Correct
OneUno
99.5%
TwoDos
98.9%
ThreeTres
98.5%
FiveCinco
95.2%
EightOcho
94.2%
SixSeis
92.3%
NineNueve
91.8%
SevenSiete
91.2%
FourCuatro
88.1%
ElevenOnce
87.4%
TenDiez
87.1%
TwelveDoce
85.8%
ThirteenTrece
83%
FourteenCatorce
78.4%
English Spanish % Correct
FifteenQuince
77.5%
SixteenDieciséis
68.8%
EighteenDieciocho
68.1%
SeventeenDiecisiete
67.9%
NineteenDiecinueve
67.4%
TwentyVeinte
67.3%
EightyOchenta
60.5%
One HundredCien
60.1%
ThirtyTreinta
58%
NinetyNoventa
57.6%
FortyCuarenta
56.7%
SixtySesenta
56%
SeventySetenta
54.8%
FiftyCincuenta
53.5%

From the Vault

Letter 'O' Bunker

by Flick

Don't tell anyone it's actually our donut bunker.
Remove Ads.
Support Sporcle.
Get the best of Sporcle when you Go Orange. This ad-free experience offers more features, more stats, and more fun while also helping to support Sporcle. Thank you for becoming a member.

Show Comments

Extras

Top Quizzes Today


Score Distribution

Your Account Isn't Verified!

In order to create a playlist on Sporcle, you need to verify the email address you used during registration. Go to your Sporcle Settings to finish the process.

Report this User

Report this user for behavior that violates our Community Guidelines.

Details: